[Event "EU-Cup 15th Gr2"]
[Site "Reykjavik"]
[Date "1999.09.25"]
[Round "2"]
[White "Sigurpalsson, Runar"]
[Black "Sigurjonsson, Gudmundur"]
[Result "0-1"]
[WhiteElo "2250"]
[BlackElo "2465"]
[PlyCount "82"]
[EventDate "1999.09.24"]
[EventType "team-k.o."]
[EventRounds "3"]
[EventCountry "ISL"]
[SourceTitle "EXT 2020"]
[Source "ChessBase"]
[SourceDate "2019.10.17"]
[SourceVersion "1"]
[SourceVersionDate "2019.10.17"]
[SourceQuality "1"]
[WhiteTeam "Skakfelag Akureyrar"]
[BlackTeam "Reykjavik Taflfelag"]
[WhiteTeamCountry "IRL"]
[BlackTeamCountry "ISL"]

1. e4 d6 2. d4 Nf6 3. Nc3 g6 4. Nf3 Bg7 5. h3 0-0 6. Be2 c6 7. 0-0 Nbd7 8. Be3 Qc7 9. a4 b6 10. Qd2 a6 11. Rfd1 Bb7 12. Bf4 e5 13. dxe5 dxe5 14. Bg5 Rfe8 15. Qe3 b5 16. b4 Bf8 17. Rab1 Nh5 18. Qd2 Bc8 19. g3 Ng7 20. Kg2 Ne6 21. Be3 f6 22. Nh2 Rb8 23. Ng4 Be7 24. a5 Rd8 25. Qc1 Ndf8 26. Bb6 Rxd1 27. Nxd1 Qb7 28. c4 h5 29. Nge3 Nd7 30. c5 Nd4 31. Bd3 Nf8 32. Nc2 Qd7 33. Nxd4 Qxh3+ 34. Kg1 exd4 35. Qf4 Rb7 36. e5 Bf5 37. Rb3 Ne6 38. Qf3 Qg4 39. Qxg4 hxg4 40. exf6 Bxf6 41. Bf1 Bc2 0-1

[Event "ISL-chT"]
[Site "Iceland"]
[Date "1995.??.??"]
[Round "?"]
[White "Petursson, Margeir"]
[Black "Sigurjonsson, Gudmundur"]
[Result "1-0"]
[WhiteElo "2540"]
[BlackElo "2465"]
[PlyCount "67"]
[EventDate "1995.??.??"]
[EventType "team"]
[EventRounds "7"]
[EventCountry "ISL"]
[SourceTitle "EXT 2000"]
[Source "ChessBase"]
[SourceDate "1999.11.16"]
[SourceVersion "1"]
[SourceVersionDate "1999.11.16"]
[SourceQuality "1"]

1. c4 e6 2. Nc3 d5 3. d4 Be7 4. Nf3 Nf6 5. g3 0-0 6. Bg2 Nbd7 7. Qd3 c6 8. 0-0 b6 9. e4 Ba6 10. b3 Rc8 11. Rd1 c5 12. exd5 exd5 13. Nb5 cxd4 14. Nfxd4 Bc5 15. Nxa7 dxc4 16. Qf1 b5 17. Nxc8 Qxc8 18. Bf4 Re8 19. a4 bxa4 20. bxc4 Nb6 21. Nb5 Ng4 22. Nd6 Bxd6 23. Rxd6 Bxc4 24. Qb1 Bb3 25. Rxb6 Qc5 26. Be3 Nxe3 27. Rc6 Qd4 28. fxe3 Rxe3 29. Kh1 g6 30. Qg1 Qd2 31. Rd6 Qc3 32. Rc6 Qe5 33. Rcc1 Re2 34. Re1 1-0

[Event "Gausdal zt"]
[Site "Gausdal"]
[Date "1987.??.??"]
[Round "?"]
[White "Agdestein, Simen"]
[Black "Sigurjonsson, Gudmundur"]
[Result "1-0"]
[WhiteElo "2560"]
[BlackElo "2485"]
[PlyCount "65"]
[EventDate "1987.01.09"]
[EventType "swiss"]
[EventRounds "9"]
[EventCountry "NOR"]
[SourceTitle "CBM 004"]
[Source "ChessBase"]
[SourceDate "1988.06.01"]
[SourceVersion "1"]
[SourceVersionDate "1988.06.01"]
[SourceQuality "1"]

1. d4 Nf6 2. Nf3 g6 3. g3 Bg7 4. Bg2 0-0 5. c4 d6 6. 0-0 c5 7. Nc3 Nc6 8. dxc5 dxc5 9. Bf4 Nh5 10. Be3 Nd4 11. Rc1 e5 12. Nd2 f5 13. Nb3 f4 14. Bxd4 cxd4 15. Ne4 Bh6 16. Nbd2 Bf5 17. c5 Kh8 18. Rc4 fxg3 19. hxg3 Qe7 20. Ra4 Bd7 21. Ra3 Bc6 22. b4 a6 23. Nc4 Qe6 24. Qc2 Rad8 25. Kh2 Ng7 26. Ned6 Nf5 27. Bxc6 bxc6 28. Qe4 Ne3 29. Nxe3 dxe3 30. f3 Bg5 31. Rxa6 Qe7 32. Kg2 Rf4 33. Qxe3 1-0

[Event "Gausdal zt"]
[Site "Gausdal"]
[Date "1987.??.??"]
[Round "?"]
[White "Hjartarson, Johann"]
[Black "Sigurjonsson, Gudmundur"]
[Result "1-0"]
[WhiteElo "2555"]
[BlackElo "2485"]
[PlyCount "85"]
[EventDate "1987.01.09"]
[EventType "swiss"]
[EventRounds "9"]
[EventCountry "NOR"]
[SourceTitle "CBM 004"]
[Source "ChessBase"]
[SourceDate "1988.06.01"]
[SourceVersion "1"]
[SourceVersionDate "1988.06.01"]
[SourceQuality "1"]

1. Nf3 d5 2. d4 Nf6 3. c4 c6 4. Nc3 e6 5. Bg5 h6 6. Bxf6 Qxf6 7. e3 Nd7 8. Rc1 Qd8 9. Bd3 Be7 10. 0-0 0-0 11. e4 dxc4 12. Bxc4 b5 13. Bb3 a6 14. e5 Qb6 15. Ne4 c5 16. dxc5 Nxc5 17. Qd4 Nd7 18. Rxc8 Raxc8 19. Qxd7 Rc7 20. Qd3 Rd8 21. Qe2 Rdc8 22. g3 a5 23. a4 bxa4 24. Bxa4 Qb4 25. b3 Rc2 26. Qe3 Bc5 27. Qd3 Bb6 28. Bd7 R8c7 29. Ba4 Ra2 30. Qd8+ Kh7 31. Qd3 Kg8 32. Rd1 Rcc2 33. Rd2 Rxd2 34. Nfxd2 Bd4 35. Nf3 Bb6 36. Kg2 Ba7 37. Qd8+ Kh7 38. Qd3 Kg8 39. Qd8+ Kh7 40. Bc6 Qxb3 41. Neg5+ hxg5 42. Be4+ g6 43. Nxg5+ 1-0

[Event "Gausdal zt"]
[Site "Gausdal"]
[Date "1987.??.??"]
[Round "?"]
[White "Sigurjonsson, Gudmundur"]
[Black "Bjarnason, Saevar"]
[Result "1-0"]
[WhiteElo "2485"]
[BlackElo "2355"]
[PlyCount "83"]
[EventDate "1987.01.09"]
[EventType "swiss"]
[EventRounds "9"]
[EventCountry "NOR"]
[SourceTitle "CBM 004"]
[Source "ChessBase"]
[SourceDate "1988.06.01"]
[SourceVersion "1"]
[SourceVersionDate "1988.06.01"]
[SourceQuality "1"]

1. e4 e5 2. Nf3 Nc6 3. Bb5 g6 4. c3 a6 5. Ba4 d6 6. d4 Bd7 7. 0-0 Bg7 8. Re1 Qe7 9. h3 Nf6 10. Nbd2 0-0 11. Nf1 Rfe8 12. Ng3 b5 13. Bc2 h6 14. Be3 Na5 15. b3 c5 16. Qd2 Kh7 17. Rad1 cxd4 18. cxd4 Nc6 19. d5 Na7 20. a4 Rec8 21. a5 Be8 22. Bd3 Qb7 23. Qb4 Nd7 24. Bb1 Rc7 25. Ne2 Nc5 26. Rf1 Nc8 27. Ne1 Ne7 28. f3 Ng8 29. Nd3 Rac8 30. Rc1 Nxd3 31. Rxc7 Qxc7 32. Bxd3 Qe7 33. Rc1 Rxc1+ 34. Nxc1 Qc7 35. Na2 Bf6 36. Bb6 Qb8 37. Qe1 Ne7 38. Qc3 Nc8 39. Qc7 Qa8 40. Nb4 Kg7 41. Bf2 Kf8 42. h4 1-0

[Event "Gausdal zt"]
[Site "Gausdal"]
[Date "1987.??.??"]
[Round "?"]
[White "Tiller, Bjorn"]
[Black "Sigurjonsson, Gudmundur"]
[Result "1/2-1/2"]
[WhiteElo "2400"]
[BlackElo "2485"]
[PlyCount "83"]
[EventDate "1987.01.09"]
[EventType "swiss"]
[EventRounds "9"]
[EventCountry "NOR"]
[SourceTitle "CBM 004"]
[Source "ChessBase"]
[SourceDate "1988.06.01"]
[SourceVersion "1"]
[SourceVersionDate "1988.06.01"]
[SourceQuality "1"]

1. d4 Nf6 2. Nf3 c5 3. d5 g6 4. Nc3 Bg7 5. e4 0-0 6. Be2 d6 7. 0-0 Na6 8. Bg5 h6 9. Be3 Nc7 10. a4 b6 11. Nd2 e6 12. Nc4 exd5 13. exd5 Bb7 14. Bf3 Ba6 15. Be2 Re8 16. Rb1 Ne4 17. Nxe4 Rxe4 18. b3 f5 19. Re1 Qd7 20. Bf3 Re7 21. Bf4 Rxe1+ 22. Qxe1 Re8 23. Qf1 g5 24. Bd2 Bxc4 25. bxc4 Qxa4 26. Qd3 g4 27. Be2 Re4 28. Be3 b5 29. Qb3 Qa5 30. g3 b4 31. Bd3 Re5 32. Bf4 Qa3 33. Bxe5 Bxe5 34. Bxf5 a5 35. Bd7 Na8 36. Ba4 Nb6 37. Qxa3 bxa3 38. Bb3 Na4 39. Kf1 Bb2 40. Bxa4 a2 41. Rd1 Kg7 42. Ke2 1/2-1/2

[Event "Canadian op"]
[Site "Winnipeg"]
[Date "1986.07.19"]
[Round "9"]
[White "Hjartarson, Johann"]
[Black "Sigurjonsson, Gudmundur"]
[Result "1/2-1/2"]
[WhiteElo "2525"]
[BlackElo "2490"]
[PlyCount "38"]
[EventDate "1986.07.12"]
[EventType "swiss"]
[EventRounds "10"]
[EventCountry "CAN"]
[SourceTitle "EXT 2022"]
[Source "ChessBase"]
[SourceDate "2021.10.06"]
[SourceVersion "1"]
[SourceVersionDate "2021.10.06"]
[SourceQuality "1"]

1. d4 Nf6 2. c4 e6 3. Nf3 d5 4. Bg5 Be7 5. Nc3 0-0 6. Qc2 Nbd7 7. e3 c6 8. Rc1 a6 9. c5 e5 10. dxe5 Ne8 11. Bxe7 Qxe7 12. Bd3 g6 13. Ne2 Nxe5 14. Nxe5 Qxe5 15. 0-0 Nf6 16. Qc3 Qc7 17. Nd4 Re8 18. b4 Bd7 19. a4 Re5 1/2-1/2

[Event "Canadian op"]
[Site "Winnipeg"]
[Date "1986.07.??"]
[Round "5"]
[White "Sigurjonsson, Gudmundur"]
[Black "Kupreichik, Viktor D"]
[Result "0-1"]
[WhiteElo "2490"]
[BlackElo "2490"]
[PlyCount "62"]
[EventDate "1986.07.12"]
[EventType "swiss"]
[EventRounds "10"]
[EventCountry "CAN"]
[SourceTitle "EXT 2010"]
[Source "ChessBase"]
[SourceDate "2010.11.25"]
[SourceVersion "1"]
[SourceVersionDate "2010.11.25"]
[SourceQuality "1"]

1. e4 e5 2. Nf3 Nc6 3. Bb5 Nd4 4. Nxd4 exd4 5. 0-0 Bc5 6. d3 c6 7. Bc4 d5 8. exd5 cxd5 9. Bb5+ Kf8 10. c3 Ne7 11. cxd4 Bxd4 12. Nc3 g6 13. Bh6+ Kg8 14. Re1 Be6 15. Bg5 h6 16. Be3 Nf5 17. Bxd4 Nxd4 18. Ba4 Qg5 19. Kh1 Rc8 20. Bb3 Kg7 21. Qc1 a6 22. Qe3 Qf6 23. Bd1 Nc2 24. Bxc2 d4 25. Qe2 dxc3 26. bxc3 Qxc3 27. Bb3 Bxb3 28. axb3 Rhe8 29. Qf1 Qxb3 30. Reb1 Qd5 31. Qd1 Rc3 0-1

[Event "Reykjavik op"]
[Site "Reykjavik"]
[Date "1986.??.??"]
[Round "3"]
[White "Hansen, Curt"]
[Black "Sigurjonsson, Gudmundur"]
[Result "1-0"]
[WhiteElo "2510"]
[BlackElo "2495"]
[PlyCount "129"]
[EventDate "1986.02.??"]
[EventType "swiss"]
[EventRounds "11"]
[EventCountry "ISL"]
[SourceTitle "EXT 2000"]
[Source "ChessBase"]
[SourceDate "1999.11.16"]
[SourceVersion "1"]
[SourceVersionDate "1999.11.16"]
[SourceQuality "1"]

1. d4 Nf6 2. Nf3 c5 3. g3 d5 4. Bg2 Nc6 5. 0-0 e6 6. c4 dxc4 7. Ne5 Bd7 8. Na3 cxd4 9. Naxc4 Be7 10. Qb3 Nxe5 11. Nxe5 Qb6 12. Bxb7 Rb8 13. Qxb6 axb6 14. Bf3 Rc8 15. Rd1 Bc5 16. b3 Bb4 17. Bb2 Bc3 18. Bxc3 dxc3 19. Rac1 Rc5 20. Nxd7 Nxd7 21. Rd3 Ne5 22. Rdxc3 Nxf3+ 23. exf3 Rxc3 24. Rxc3 Kd7 25. f4 Ra8 26. a4 Ra5 27. Kf1 Kd6 28. Rc8 b5 29. Rd8+ Ke7 30. Rd4 bxa4 31. bxa4 Rc5 32. Ke2 Rc2+ 33. Rd2 Rc3 34. Ra2 Kd7 35. a5 Rc7 36. Kd3 Ra7 37. a6 Kc6 38. Ke4 f6 39. h4 Kc5 40. g4 Kd6 41. g5 Kc5 42. Ra1 Kd6 43. Kd4 Kc6 44. Ke4 Kd6 45. Ra3 Kc5 46. Ra1 Kd6 47. f3 Kc6 48. f5 exf5+ 49. Kxf5 fxg5 50. Kxg5 Kd5 51. f4 Ke6 52. h5 Kd5 53. f5 Ra8 54. a7 Kd6 55. Ra6+ Ke7 56. h6 Kf7 57. hxg7 Kxg7 58. f6+ Kf7 59. Kf5 h5 60. Ra1 h4 61. Rg1 h3 62. Rg7+ Kf8 63. Rh7 Kg8 64. Kg6 h2 65. f7+ 1-0

[Event "ISL-ch"]
[Site "Grundarfjordur"]
[Date "1986.??.??"]
[Round "5"]
[White "Sigurjonsson, Gudmundur"]
[Black "Jonsson, Bjorgvin"]
[Result "1-0"]
[WhiteElo "2495"]
[BlackElo "2290"]
[PlyCount "81"]
[EventDate "1986.??.??"]
[EventType "tourn"]
[EventRounds "11"]
[EventCountry "ISL"]
[SourceTitle "EXT 2000"]
[Source "ChessBase"]
[SourceDate "1999.11.16"]
[SourceVersion "1"]
[SourceVersionDate "1999.11.16"]
[SourceQuality "1"]

1. e4 e6 2. d4 d5 3. Nd2 Nf6 4. e5 Nfd7 5. Bd3 c5 6. c3 Nc6 7. Ne2 cxd4 8. cxd4 f6 9. Nf4 Nxd4 10. Qh5+ Ke7 11. exf6+ Nxf6 12. Ng6+ hxg6 13. Qxh8 Kf7 14. f4 Bd7 15. 0-0 Bc5 16. Qxd8 Rxd8 17. Kh1 Ng4 18. b4 Bb6 19. Bb2 Nf5 20. Nf3 Nfe3 21. Ng5+ Ke7 22. Rf3 Ba4 23. h3 Bd1 24. hxg4 Bxf3 25. gxf3 Rh8+ 26. Kg1 Nc4+ 27. Kg2 Nxb2 28. Bxg6 Nc4 29. Kg3 Kf6 30. Bd3 Rc8 31. Rc1 Rc7 32. Rh1 Ne3 33. Rh8 Rc1 34. Re8 Rc6 35. Bb5 Rd6 36. Rf8+ Ke7 37. Rf7+ Kd8 38. Rxg7 Kc8 39. Nf7 Rc6 40. Bxc6 bxc6 41. Ng5 1-0

[Event "Bundesliga 1984/85"]
[Site "Germany"]
[Date "1985.05.11"]
[Round "14.6"]
[White "Sigurjonsson, Gudmundur"]
[Black "Hess, Christian"]
[Result "1-0"]
[WhiteElo "2485"]
[BlackElo "2260"]
[PlyCount "71"]
[EventDate "1984.10.14"]
[EventType "team-tourn"]
[EventRounds "15"]
[EventCountry "GER"]
[SourceTitle "GER-chT"]
[Source "ChessBase"]
[SourceDate "1999.07.01"]
[SourceVersion "1"]
[SourceVersionDate "1999.07.01"]
[SourceQuality "1"]
[WhiteTeam "Koeln Porz"]
[BlackTeam "Hamburger SK"]
[WhiteTeamCountry "GER"]
[BlackTeamCountry "GER"]

1. e4 e5 2. Nf3 Nc6 3. Bb5 a6 4. Ba4 Nf6 5. 0-0 Be7 6. Re1 b5 7. Bb3 d6 8. c3 0-0 9. h3 Na5 10. Bc2 c5 11. d4 Qc7 12. Nbd2 cxd4 13. cxd4 Nc6 14. Nb3 a5 15. Be3 a4 16. Nbd2 Bd7 17. Rc1 Qb7 18. Qe2 Rfe8 19. Red1 g6 20. Kh2 Bf8 21. dxe5 dxe5 22. a3 Nh5 23. Bd3 Bg7 24. g3 Nd4 25. Bxd4 exd4 26. Rc5 Rac8 27. Rdc1 Rxc5 28. Rxc5 Qb6 29. Rd5 Bc6 30. Rd6 Re6 31. Rxe6 fxe6 32. e5 Qc5 33. Ne4 Qd5 34. Qc2 h6 35. Ned2 Bxe5 36. Be4 1-0

[Event "Reykjavik ICF Diamond Jubilee"]
[Site "Reykjavik"]
[Date "1985.02.22"]
[Round "10"]
[White "Sigurjonsson, Gudmundur"]
[Black "Arnason, Jon Loftur"]
[Result "1/2-1/2"]
[WhiteElo "2485"]
[BlackElo "2495"]
[PlyCount "32"]
[EventDate "1985.02.12"]
[EventType "tourn"]
[EventRounds "11"]
[EventCountry "ISL"]
[EventCategory "11"]
[SourceTitle "MCD"]
[Source "ChessBase"]
[SourceDate "1999.07.01"]
[SourceVersion "1"]
[SourceVersionDate "1999.07.01"]
[SourceQuality "1"]

1. e4 c5 2. Nf3 d6 3. d4 cxd4 4. Nxd4 Nf6 5. Nc3 Nc6 6. Be2 g6 7. Nb3 Bg7 8. 0-0 0-0 9. Kh1 a5 10. a4 Be6 11. f4 Qb6 12. Nd5 Bxd5 13. exd5 Nb4 14. Bf3 Qa6 15. Be2 Qb6 16. Bf3 Qa6 1/2-1/2

[Event "Reykjavik ICF Diamond Jubilee"]
[Site "Reykjavik"]
[Date "1985.02.16"]
[Round "5"]
[White "Sigurjonsson, Gudmundur"]
[Black "Thorsteins, Karl"]
[Result "1-0"]
[WhiteElo "2485"]
[BlackElo "2400"]
[PlyCount "71"]
[EventDate "1985.02.12"]
[EventType "tourn"]
[EventRounds "11"]
[EventCountry "ISL"]
[EventCategory "11"]
[SourceTitle "MCD"]
[Source "ChessBase"]
[SourceDate "1999.07.01"]
[SourceVersion "1"]
[SourceVersionDate "1999.07.01"]
[SourceQuality "1"]

1. e4 c5 2. Nf3 Nc6 3. d4 cxd4 4. Nxd4 Nf6 5. Nc3 d6 6. Be2 e5 7. Nf3 h6 8. 0-0 Be7 9. Re1 0-0 10. h3 a6 11. Bf1 b5 12. a4 b4 13. Nd5 Nxd5 14. exd5 Na5 15. Bd2 Rb8 16. Re4 b3 17. Qe1 Nb7 18. cxb3 Nc5 19. Rb4 Rxb4 20. Bxb4 Nxb3 21. Ra3 Nd4 22. Nxd4 exd4 23. a5 Bf6 24. Bc4 Bb7 25. Qf1 Qa8 26. Bxd6 Rc8 27. Bf4 Bxd5 28. Bxd5 Qxd5 29. Qxa6 Ra8 30. Qb6 Qe4 31. Bd2 Qe2 32. Qc6 Re8 33. a6 Bh4 34. g3 Qd1+ 35. Kg2 Re2 36. Qc1 1-0

[Event "Reykjavik ICF Diamond Jubilee"]
[Site "Reykjavik"]
[Date "1985.02.14"]
[Round "3"]
[White "Sigurjonsson, Gudmundur"]
[Black "Spassky, Boris Vasilievich"]
[Result "1/2-1/2"]
[WhiteElo "2485"]
[BlackElo "2580"]
[PlyCount "24"]
[EventDate "1985.02.12"]
[EventType "tourn"]
[EventRounds "11"]
[EventCountry "ISL"]
[EventCategory "11"]
[SourceTitle "MCD"]
[Source "ChessBase"]
[SourceDate "1999.07.01"]
[SourceVersion "1"]
[SourceVersionDate "1999.07.01"]
[SourceQuality "1"]

1. Nf3 d5 2. g3 c6 3. Bg2 Bf5 4. 0-0 Nf6 5. d3 h6 6. c4 dxc4 7. dxc4 Nbd7 8. b3 e6 9. Bb2 Be7 10. Nbd2 0-0 11. Qc1 Qb6 12. Bd4 Bc5 1/2-1/2

[Event "Borgarnes"]
[Site "Borgarnes"]
[Date "1985.??.??"]
[Round "2"]
[White "Bjarnason, Saevar"]
[Black "Sigurjonsson, Gudmundur"]
[Result "1/2-1/2"]
[WhiteElo "2355"]
[BlackElo "2485"]
[PlyCount "66"]
[EventDate "1985.05.??"]
[EventType "tourn"]
[EventRounds "11"]
[EventCountry "ISL"]
[EventCategory "8"]
[SourceTitle "MCD"]
[Source "ChessBase"]
[SourceDate "1999.07.01"]
[SourceVersion "1"]
[SourceVersionDate "1999.07.01"]
[SourceQuality "1"]

1. d4 Nf6 2. c4 c5 3. d5 g6 4. Nc3 d6 5. Nf3 Bg7 6. g3 0-0 7. Bg2 e6 8. 0-0 exd5 9. cxd5 a6 10. a4 Nbd7 11. Nd2 Re8 12. h3 Rb8 13. Nc4 Nb6 14. Na3 Bd7 15. Bf4 Qc7 16. a5 Nc8 17. Nc4 Bb5 18. Qb3 Bxc4 19. Qxc4 Nd7 20. Rfc1 Ne7 21. Ne4 Ne5 22. Qa2 b5 23. axb6 Rxb6 24. b4 Rxb4 25. Qxa6 Rb6 26. Qa4 Reb8 27. Bd2 Nxd5 28. Ba5 Nc6 29. Bxb6 Nxb6 30. Qa3 Bxa1 31. Qxa1 Nd7 32. Rd1 Nd4 33. e3 Nb5 1/2-1/2

[Event "Borgarnes"]
[Site "Borgarnes"]
[Date "1985.??.??"]
[Round "11"]
[White "Lombardy, William James"]
[Black "Sigurjonsson, Gudmundur"]
[Result "1/2-1/2"]
[WhiteElo "2500"]
[BlackElo "2485"]
[PlyCount "51"]
[EventDate "1985.05.??"]
[EventType "tourn"]
[EventRounds "11"]
[EventCountry "ISL"]
[EventCategory "8"]
[SourceTitle "MCD"]
[Source "ChessBase"]
[SourceDate "1999.07.01"]
[SourceVersion "1"]
[SourceVersionDate "1999.07.01"]
[SourceQuality "1"]

1. e4 c5 2. Nf3 d6 3. c3 Nf6 4. Qc2 Qc7 5. Bb5+ Bd7 6. Bxd7+ Nbxd7 7. d3 e6 8. 0-0 Be7 9. a4 0-0 10. Bf4 Nh5 11. Be3 f5 12. Qd1 Rad8 13. exf5 exf5 14. d4 f4 15. Bc1 g6 16. Na3 a6 17. Qb3+ Kg7 18. Bd2 Bf6 19. Rfe1 Rc8 20. dxc5 Nxc5 21. Qd5 Qc6 22. Qxc6 bxc6 23. Nc2 Kf7 24. Ra3 Rfe8 25. Rxe8 Kxe8 26. Nfe1 1/2-1/2

[Event "Vestmannaeyjum"]
[Site "Vestmannaeyjum"]
[Date "1985.??.??"]
[Round "3"]
[White "Sigurjonsson, Gudmundur"]
[Black "Lein, Anatoly"]
[Result "1/2-1/2"]
[WhiteElo "2485"]
[BlackElo "2465"]
[PlyCount "55"]
[EventDate "1985.??.??"]
[EventType "tourn"]
[EventRounds "13"]
[EventCountry "ISL"]
[EventCategory "8"]
[SourceTitle "MCL"]
[Source "ChessBase"]
[SourceDate "1999.07.01"]
[SourceVersion "1"]
[SourceVersionDate "1999.07.01"]
[SourceQuality "1"]

1. e4 c5 2. Nf3 d6 3. d4 cxd4 4. Nxd4 Nf6 5. Nc3 e6 6. Be3 Nc6 7. f4 d5 8. e5 Nd7 9. Qd2 Nb6 10. b3 Bd7 11. a3 Be7 12. Bd3 0-0 13. 0-0 f5 14. Nce2 a6 15. Qe1 Rc8 16. Qf2 Na8 17. c4 Nc7 18. Rfd1 Qe8 19. b4 Kh8 20. Rac1 Qf7 21. cxd5 Nxd5 22. Bc4 Nxd4 23. Nxd4 Ba4 24. Rf1 Rfd8 25. Ba2 h6 26. Qg3 Bc6 27. Nxc6 bxc6 28. Bc5 1/2-1/2

[Event "Olympiad-26"]
[Site "Thessaloniki"]
[Date "1984.12.02"]
[Round "13"]
[White "Sigurjonsson, Gudmundur"]
[Black "Jakobsen, Ole"]
[Result "1/2-1/2"]
[WhiteElo "2470"]
[BlackElo "2420"]
[PlyCount "69"]
[EventDate "1984.11.19"]
[EventType "team-swiss"]
[EventRounds "14"]
[EventCountry "GRE"]
[SourceTitle "EXT 1997"]
[Source "ChessBase"]
[SourceDate "1996.11.15"]
[SourceVersion "1"]
[SourceVersionDate "1996.11.15"]
[SourceQuality "1"]
[WhiteTeam "Iceland"]
[BlackTeam "Denmark"]
[WhiteTeamCountry "ISL"]
[BlackTeamCountry "DEN"]

1. e4 c5 2. Nf3 e6 3. d4 cxd4 4. Nxd4 d6 5. Nc3 a6 6. a4 b6 7. Be2 Bb7 8. f4 Nf6 9. Bf3 Qc7 10. 0-0 Nc6 11. Be3 Na5 12. Qe2 Be7 13. Rad1 0-0 14. g4 Nc4 15. Bc1 Rfe8 16. g5 Nd7 17. Bg2 Bf8 18. b3 Na5 19. Bb2 Nc6 20. Kh1 Nb4 21. Qd2 Nc6 22. Nde2 Rad8 23. f5 Nc5 24. Nf4 Ne5 25. Qf2 Bc6 26. Rfe1 g6 27. f6 b5 28. axb5 axb5 29. Qe2 Qb7 30. Na2 Qb8 31. Nb4 Ba8 32. Ra1 Nc6 33. Nxc6 Bxc6 34. Nd3 Nxd3 35. cxd3 1/2-1/2

[Event "Olympiad-26"]
[Site "Thessaloniki"]
[Date "1984.11.21"]
[Round "3"]
[White "Sigurjonsson, Gudmundur"]
[Black "Monier, Raul"]
[Result "1-0"]
[WhiteElo "2470"]
[BlackElo "2280"]
[PlyCount "61"]
[EventDate "1984.11.19"]
[EventType "team-swiss"]
[EventRounds "14"]
[EventCountry "GRE"]
[SourceTitle "EXT 1997"]
[Source "ChessBase"]
[SourceDate "1996.11.15"]
[SourceVersion "1"]
[SourceVersionDate "1996.11.15"]
[SourceQuality "1"]
[WhiteTeam "Iceland"]
[BlackTeam "Argentina"]
[WhiteTeamCountry "ISL"]
[BlackTeamCountry "ARG"]

1. e4 e6 2. d4 d5 3. Nd2 a6 4. Ngf3 c5 5. dxc5 Bxc5 6. Bd3 Nc6 7. 0-0 Nge7 8. a3 0-0 9. b4 Ba7 10. Bb2 Ng6 11. Re1 Qb6 12. Rf1 Qd8 13. c4 d4 14. c5 e5 15. Nc4 Bg4 16. h3 Be6 17. Bc1 f6 18. Qe2 Qd7 19. Bd2 Nd8 20. Rfc1 Nf7 21. Na5 Ne7 22. Bc4 Bxc4 23. Nxc4 Rfb8 24. Ne1 b6 25. Nd3 bxc5 26. bxc5 Nc6 27. a4 Re8 28. Nb6 Bxb6 29. cxb6 a5 30. Nc5 Qd8 31. b7 1-0